000 00287nam a2200121Ia 4500
008 190216s9999||||xx |||||||||||||| ||und||
100 _aDr.Rambilas Sharma
245 0 _aHindi-Bharatiya Sahithtya Ke I8tihas.Ki
260 _bNull
_c2007
300 _a143
650 _aHindi
942 _cBK
999 _c16432
_d16432